书目信息 |
| 题名: |
调查局
|
|
| 作者: | 沙利文 , Sullivan 口述 ;布朗 , Brown , 王丽平 整理 | |
| 分册: | ||
| 出版信息: | 北京 新华出版社 1983 |
|
| 页数: | 333页 | |
| 开本: | 19cm | |
| 丛书名: | ||
| 单 册: | ||
| 中图分类: | D771.236 | |
| 科图分类: | ||
| 主题词: | ||
| 电子资源: | ||
| ISBN: | 3203.027 | |
| 000 | 01042nam0 2200325 450 | |
| 001 | 0183002747 | |
| 005 | 20100712220438.0 | |
| 010 | @a3203.027@dCNY0.85 | |
| 091 | @a3203.027 | |
| 100 | @a19950522d1983 em y0chiy0110 ea | |
| 101 | 1 | @achi@ceng |
| 102 | @aCN@b110000 | |
| 105 | @ay z 000yy | |
| 106 | @ar | |
| 200 | 1 | @a调查局@9Diao;Tiao Cha;Zha Ju @e我在联邦调查局的三十年@f(美)沙利文(W.C.Sullivan)口述@g布朗(B.Brown)整理@g王丽平译 |
| 210 | @a北京@c新华出版社@d1983 | |
| 215 | @a333页@d19cm | |
| 300 | @a内部发行 | |
| 300 | @a书名原文:The Bureau;my thirty years in Hoover's FBI | |
| 510 | 1 | @athe Bureau;my thirty years in Hoover's FBI@zeng |
| 601 | 0 | @a联邦调查局@c(美国)@x活动 |
| 601 | 0 | @2CT@3S047118@a联邦调查局@c(美国) |
| 690 | @aD771.236@v3 | |
| 701 | 1 | @a沙利文@9sha li wen@bW.C.@4口述 |
| 701 | 1 | @aSullivan@bW.C.@4口述 |
| 702 | 1 | @a布朗@9bu lang@bB.@4整理 |
| 702 | 1 | @aBrown@bB.@4整理 |
| 702 | 0 | @a王丽平@9wang li ping@4译 |
| 801 | 0 | @aCN@b91MARC@c20130904 |
| 905 | @aBZT@dD771.236@e6@f2@sD771.236/6 | |
| 调查局:我在联邦调查局的三十年/(美)沙利文(W.C.Sullivan)口述/布朗(B.Brown)整理/王丽平译.-北京:新华出版社,1983 |
| 333页;19cm |
| 内部发行.-书名原文:The Bureau;my thirty years in Hoover's FBI |
| ISBN 3203.027:CNY0.85 |
| ● |
| 相关链接 |
|
|
|
正题名:调查局
索取号:D771.236/6
 
预约/预借
| 序号 | 登录号 | 条形码 | 馆藏地/架位号 | 状态 | 备注 |
| 1 | 2000037131 | 2000037131 | 旧书回溯/ [索取号:D771.236/6] | 在馆 | |
| 2 | 2000037251 | 2000037251 | 旧书回溯/ [索取号:D771.236/6] | 在馆 |